00542nam a2200145Ia 4500008004100000020001800041041000800059082001700067100003600084245020700120250000600327260003900333300001000372650001400382210716s2018 xx 000 0 und d a9781788399784 aeng a658.421 SOMD aSomani, Deepesh; Rana, Nishant. aDynamics 365 application development: master professional level CRM application development for microsoft dynamics 365.bMaster professional level CRM application development for microsoft dynamics 365. a1 aMumbaibPackt Publishing Ltdc2018 av,404 aERP & SAP